000 00479nam a2200169 i 4500
001 73544
003 ES-MaACL
005 20230906171840.0
007 t|
008 040908s1972 xxu ||||1| spa d
100 1 _aGómez-Kemp, Ramiro.
_958002
245 1 4 _aLos desposeidos
_b: novela /
_cRamiro Gómez-Kemp.
260 _aMiami (Florida) :
_bUniversal,
_c[1972]
300 _a92 p. ;
_c21 cm.
500 _aPremio "Café Gijón" 1972.
852 _aES-MaACL
_jC-45250
_bR.83605
999 _c73544
_d73544